00561nam a2200145Ia 4500003000900000008004100009020002600050040001600076100002600092245010900118260003200227300002000259490003300279856010300312IN-BaIIA211028s9999 xx s 000 0 eng d a9780819421647 (Print) cIIA Library aChang, Joon-Sung, ed. 0a17th Congress of the International Commission for Optics: Optics for Science and New Technologyh[eBook] aWashington, USAbSPIEc1996 aOnline resource aProceedings of SPIE; V. 2778 uhttps://www.spiedigitallibrary.org/conference-proceedings-of-spie/2778yClick Here to Access eBook